Matematyka w ekonomii

Saved in:
Bibliographic Details
Other Authors: Panek, Emil
Format: Book
Language:Polish
Published: Poznan Wydawnictwo Akademii Ekonomicznej w Poznaniu 2006
Series:Zeszyty naukowe 78
Subjects:
Tags: Add Tag
No Tags, Be the first to tag this record!

MARC

LEADER 00000nam$a2200000$$$4500
001 0055564
005 20240223084201.7
020 |a 978-83-7417-193-9 
022 |a 1641-2168 
041 0 |a pol 
044 |a PL 
245 1 0 |a Matematyka w ekonomii  |c redaktor naukowy: Emil Panek 
264 1 |a Poznan  |b Wydawnictwo Akademii Ekonomicznej w Poznaniu  |c 2006 
300 |a 263 s. 
490 1 |a Zeszyty naukowe  |v 78 
830 0 |a Zeszyty naukowe  |v 78 
610 2 0 |a matematika 
610 2 0 |a ekonómia 
610 2 0 |a matematika hospodárska 
610 2 0 |a matematika finančná 
610 2 0 |a rozhodovanie 
610 2 0 |a optimalizácia 
610 2 0 |a modely 
610 2 0 |a modelovanie ekonometrické 
700 1 |a Panek, Emil